Statistics for Most Over and Under Populated Countries

Click here to take the quiz!

General Stats

  • This quiz has been taken 37,119 times
  • The average score is 14 of 20

Answer Stats

Over/UnderAnswer% Correct
+ 848 milChina
98%
+ 1153 milIndia
97%
- 826 milRussia
94%
- 231 milUnited States
93%
- 530 milCanada
90%
- 274 milBrazil
88%
- 412 milAustralia
85%
+ 105 milJapan
83%
+ 157 milIndonesia
77%
+ 157 milBangladesh
71%
- 114 milArgentina
70%
+ 157 milPakistan
68%
+ 143 milNigeria
62%
+ 62.5 milGermany
58%
- 136 milKazakhstan
54%
+ 89.8 milPhilippines
52%
+ 75.8 milVietnam
50%
- 88.7 milSaudi Arabia
48%
- 92.8 milAlgeria
45%
- 94.1 milLibya
34%

Score Distribution

Percentile by Number Answered

Percent of People with Each Score

Your Score History

You have not taken this quiz